• 首页
  • 本馆介绍
  • 公告通知
  • 最新文献
  • 馆藏检索
  • 电子资源
  • 读者导购
  • 参考咨询
  • 我的图书馆
  • 登录
  • 详细信息显示
  • 放入我的书架
  • 预约/预借图书
  • 作者相关作品
  • 分类相关作品
  • 丛书相关作品
  • 出版社相关作品

书目信息

  • 表格格式
  • 工作单格式
  • 卡片格式
题名:
石油化工工艺实训教程
    
 
作者: 何小荣 , 史文权 主编
分册:  
出版信息: 北京   中国石化出版社  2011.3
页数: 160页
开本: 26cm
丛书名: 高职高专系列教材
单 册:
中图分类: TE65
科图分类:
主题词: 石油化工--工艺学--高等职业教育--教材
电子资源:
ISBN: 978-7-5114-0723-8
000 01125nam0 2200265 45
001 1354525171
005 20130510093221.76
010    @a978-7-5114-0723-8@dCNY24.00
100    @a20130108d2011 em y0chiy0110 ea
101 0  @achi
102    @aCN@b110000
105    @ay z 000yy
106    @ar
200 1  @a石油化工工艺实训教程@AShi You Hua Gong Gong Yi Shi Xun Jiao Cheng@f何小荣,史文权主编@FHe Xiao Rong, Shi Wen Quan Zhu Bian
210    @a北京@c中国石化出版社@d2011.3
215    @a160页@d26cm
225 2  @a高职高专系列教材
330    @a本书根据国家队高职高专石油化工类专业教学大纲要求以及石油化工生产职业标准编写。可作为高职高专院校石油化工生产技术、应用化工生产技术、炼油生产技术、精细化工生产技术、高聚物生产技术专业实训教材,也可作为石油化工生产技术专业、应用化工生产技术专业的专业课理实一体化教材,还可以作为石油化工生产企业技能训练培训教材。
461  0 @12001 @a高职高专系列教材
606 0  @a石油化工@x工艺学@x高等职业教育@j教材
690    @aTE65@v5
701  0 @a何小荣@AHe Xiao Rong@4主编
701  0 @a史文权@AShi Wen Quan@4主编
801    @aCN@bTANGWEI@c20130109
905    @b0830546-50@dTE65@e12@f5
    
    石油化工工艺实训教程/何小荣,史文权主编.-北京:中国石化出版社,2011.3
    160页;26cm.-(高职高专系列教材)
    
    
    ISBN 978-7-5114-0723-8:CNY24.00
    本书根据国家队高职高专石油化工类专业教学大纲要求以及石油化工生产职业标准编写。可作为高职高专院校石油化工生产技术、应用化工生产技术、炼油生产技术、精细化工生产技术、高聚物生产技术专业实训教材,也可作为石油化工生产技术专业、应用化工生产技术专业的专业课理实一体化教材,还可以作为石油化工生产企业技能训练培训教材。
●
相关链接 在E读中查询图书 在五车中查询图书 在当当中查询图书 在豆瓣中查询图书


正题名:石油化工工艺实训教程     索取号:TE65/12         预约/预借

序号 登录号 条形码 馆藏地/架位号 状态 备注
1 0830546   208305467   第二样本阅览室/ [索取号:TE65/12] 在馆    
2 0830547   208305476   第三借阅区/ [索取号:TE65/12] 在馆    
3 0830548   208305485   第三借阅区/ [索取号:TE65/12] 在馆    
4 0830549   208305494   第三借阅区/ [索取号:TE65/12] 在馆    
5 0830550   208305500   密集书库-化学系/ [索取号:TE65/12] 在馆    
唐山师范学院图书馆 欢迎您!
大连网信软件有限公司© 版权所有